[Event "Morbihan-ch 1213"]
[Site "France"]
[Date "2013.03.16"]
[Round "6"]
[White "Caderon, Michel"]
[Black "Landais, Romain"]
[Result "1-0"]
[WhiteElo "2013"]
[BlackElo "1896"]
[PlyCount "117"]
[EventDate "2012.10.27"]
[EventType "swiss"]
[EventRounds "7"]
[EventCountry "FRA"]
[SourceTitle "EXT 2014"]
[Source "ChessBase"]
[SourceDate "2013.11.20"]
[SourceVersion "1"]
[SourceVersionDate "2013.11.20"]
[SourceQuality "1"]

1. e4 e5 2. Nf3 Nc6 3. Bb5 a6 4. Ba4 Nf6 5. 0-0 Nxe4 6. d4 b5 7. Bb3 d5 8. dxe5 Be6 9. Qe2 Be7 10. Rd1 0-0 11. c4 bxc4 12. Bxc4 Bc5 13. Be3 Bxe3 14. Qxe3 Qb8 15. Bb3 Ne7 16. Nd4 Nc5 17. Nd2 Nd7 18. Ba4 Qb6 19. N2b3 Nc5 20. Nxc5 Qxc5 21. Nxe6 Qxe3 22. fxe3 fxe6 23. Bd7 Kf7 24. Rf1+ Nf5 25. Bc6 Rab8 26. g4 Rb6 27. Ba4 g6 28. Rac1 Rb4 29. Bd1 Rc8 30. gxf5 exf5 31. Rc6 Rb6 32. Ba4 Rxc6 33. Bxc6 Ke6 34. Rc1 Rb8 35. b3 Kxe5 36. Ba4 Ke4 37. Kf2 f4 38. exf4 Kxf4 39. Rxc7 h5 40. Bc6 d4 41. Rd7 Ke5 42. Rd5+ Ke6 43. Rxd4 Rf8+ 44. Ke2 Ke5 45. Ra4 g5 46. Ra5+ Kd6 47. Be4 Rf4 48. Bg2 Rg4 49. Kf2 Rf4+ 50. Kg1 Rg4 51. h3 Rg3 52. Rxa6+ Kc5 53. Rf6 g4 54. Kh2 Re3 55. hxg4 hxg4 56. Rf4 Re2 57. a4 Re3 58. b4+ Kd6 59. Rxg4 1-0

[Event "Morbihan-ch 1213"]
[Site "France"]
[Date "2013.02.23"]
[Round "5"]
[White "Landais, Romain"]
[Black "Annetti, Laurent"]
[Result "1-0"]
[WhiteElo "1896"]
[BlackElo "1875"]
[PlyCount "63"]
[EventDate "2012.10.27"]
[EventType "swiss"]
[EventRounds "7"]
[EventCountry "FRA"]
[SourceTitle "EXT 2014"]
[Source "ChessBase"]
[SourceDate "2013.11.20"]
[SourceVersion "1"]
[SourceVersionDate "2013.11.20"]
[SourceQuality "1"]

1. e4 e5 2. Nc3 Nc6 3. f4 exf4 4. Nf3 g5 5. h4 g4 6. Ng5 h6 7. Nxf7 Kxf7 8. Bc4+ d5 9. Bxd5+ Kg7 10. d4 Bd6 11. 0-0 Qxh4 12. Bxf4 g3 13. Bxg3 Bxg3 14. Rf7+ Kg6 15. Qf3 Nf6 16. Rxf6+ Qxf6 17. Qxg3+ Qg5 18. Qxc7 Qe3+ 19. Kh1 Rf8 20. Bxc6 bxc6 21. Qxc6+ Rf6 22. Qxf6+ Kxf6 23. Nd5+ Kg5 24. Nxe3 Kf4 25. Re1 Kxe4 26. d5 Bd7 27. c4 Kd4 28. b3 Kd3 29. Nf1 Rf8 30. Kg1 Rf7 31. c5 Kd4 32. c6 1-0

[Event "Morbihan-ch 1213"]
[Site "France"]
[Date "2012.11.10"]
[Round "2"]
[White "Le Garrec, Maxime"]
[Black "Landais, Romain"]
[Result "0-1"]
[WhiteElo "1648"]
[BlackElo "1896"]
[PlyCount "102"]
[EventDate "2012.10.27"]
[EventType "swiss"]
[EventRounds "7"]
[EventCountry "FRA"]
[SourceTitle "EXT 2014"]
[Source "ChessBase"]
[SourceDate "2013.11.20"]
[SourceVersion "1"]
[SourceVersionDate "2013.11.20"]
[SourceQuality "1"]

1. e4 e5 2. Nf3 Nc6 3. Bb5 a6 4. Bxc6 bxc6 5. 0-0 d6 6. d4 exd4 7. Nxd4 Bb7 8. Nc3 g6 9. Re1 Bg7 10. Nf3 Ne7 11. Bf4 0-0 12. Qd2 Re8 13. Bh6 Bh8 14. Rad1 c5 15. Qf4 Nc6 16. Bg5 f6 17. Bh6 Ne5 18. Nxe5 Rxe5 19. Qd2 Qd7 20. Bf4 Re7 21. Nd5 Rf7 22. Qa5 Qb5 23. Qxb5 axb5 24. Ra1 f5 25. Bc1 fxe4 26. Nc3 Bxc3 27. bxc3 Bd5 28. g3 Ra4 29. Bf4 Bxa2 30. Re3 Bd5 31. Rd1 Bc6 32. Bh6 Rf5 33. f4 exf3 34. Kf2 Re4 35. Rde1 Rxe3 36. Rxe3 Re5 37. Rxe5 dxe5 38. Bg5 Bd5 39. Bf6 e4 40. Ke3 Kf7 41. Bd8 c6 42. Bb6 c4 43. Kf2 Ke6 44. Bc5 Kf5 45. h3 Be6 46. h4 Ke5 47. Be3 Kd5 48. Ke1 c5 49. Kd2 b4 50. cxb4 cxb4 51. Kc1 Ke5 0-1

[Event "Morbihan-ch 1011"]
[Site "Morbihan"]
[Date "2011.04.09"]
[Round "7.7"]
[White "Landais, Romain"]
[Black "Rivalin, Patrick"]
[Result "1-0"]
[WhiteElo "1871"]
[BlackElo "1552"]
[PlyCount "45"]
[EventDate "2010.10.09"]
[EventType "swiss"]
[EventRounds "7"]
[EventCountry "FRA"]
[SourceTitle "EXT 2014"]
[Source "ChessBase"]
[SourceDate "2013.11.20"]
[SourceVersion "1"]
[SourceVersionDate "2013.11.20"]
[SourceQuality "1"]

1. d4 d5 2. Nf3 Bg4 3. Ne5 Nf6 4. Nxg4 Nxg4 5. e4 h5 6. e5 g6 7. Bd3 e6 8. c3 Bh6 9. Bxh6 Nxh6 10. Qb3 Qg5 11. Nd2 b6 12. g3 0-0 13. f4 Qg4 14. Kf2 Qh3 15. Bf1 Qf5 16. h3 g5 17. Ke3 gxf4+ 18. gxf4 Qg6 19. Bd3 Nf5+ 20. Bxf5 Qxf5 21. Rag1+ Kh8 22. Rg5 Qh7 23. Qd1 1-0

[Event "Morbihan-ch 1011"]
[Site "Morbihan"]
[Date "2010.12.04"]
[Round "3.2"]
[White "Purenne, Benoit"]
[Black "Landais, Romain"]
[Result "1-0"]
[WhiteElo "1934"]
[BlackElo "1867"]
[PlyCount "135"]
[EventDate "2010.10.09"]
[EventType "swiss"]
[EventRounds "7"]
[EventCountry "FRA"]
[SourceTitle "EXT 2014"]
[Source "ChessBase"]
[SourceDate "2013.11.20"]
[SourceVersion "1"]
[SourceVersionDate "2013.11.20"]
[SourceQuality "1"]

1. e4 e5 2. Nf3 Nc6 3. Bb5 a6 4. Ba4 Nf6 5. d3 b5 6. Bb3 Bc5 7. 0-0 0-0 8. a4 Rb8 9. Nc3 d6 10. axb5 axb5 11. Bg5 Be6 12. Nd5 Bxd5 13. Bxd5 Ne7 14. Bxf6 gxf6 15. Nh4 c6 16. Bb3 d5 17. Qf3 Qd6 18. Kh1 Kh8 19. Nf5 Nxf5 20. Qxf5 Rg8 21. f4 exf4 22. Rxf4 Bd4 23. Rh4 Rg7 24. c3 Be3 25. exd5 Bg5 26. Rh5 Qe7 27. Qe4 Qxe4 28. dxe4 cxd5 29. exd5 Bf4 30. Rf5 Be5 31. Rf2 Rbg8 32. Rd1 Bd6 33. Re2 Rg6 34. Bc2 Rh6 35. h3 Rg3 36. Re8+ Kg7 37. Rd8 Bc7 38. Rc8 Bd6 39. Rc6 f5 40. Bxf5 Rf6 41. Be4 Re3 42. Bf3 Kf8 43. Kg1 Ke7 44. Kf2 Re5 45. b3 Kd7 46. c4 bxc4 47. bxc4 Rf4 48. c5 Bf8 49. Kg3 Rc4 50. Rb1 Rg5+ 51. Bg4+ f5 52. Rb7+ Kd8 53. Rb8+ Kd7 54. Rxf8 fxg4 55. Rf7+ Kd8 56. Rd6+ Ke8 57. Rxh7 gxh3+ 58. Kxh3 Rcg4 59. Re6+ Kf8 60. Re2 Rg3+ 61. Kh2 R3g4 62. c6 Kg8 63. c7 Rc4 64. Rd7 Rh5+ 65. Kg1 Rc1+ 66. Kf2 Rf5+ 67. Kg3 Rc3+ 68. Kg4 1-0

[Event "FRA-chT4 0405"]
[Site "Bretagne"]
[Date "2005.02.06"]
[Round "5"]
[White "Busnel, Laurent"]
[Black "Landais, Romain"]
[Result "0-1"]
[WhiteElo "2080"]
[BlackElo "1821"]
[PlyCount "116"]
[EventDate "2004.04.03"]
[EventType "team"]
[EventRounds "7"]
[EventCountry "FRA"]
[SourceTitle "EXT 2007"]
[Source "ChessBase"]
[SourceDate "2006.11.23"]
[SourceVersion "1"]
[SourceVersionDate "2006.11.23"]
[SourceQuality "1"]

1. e4 e5 2. Nf3 Nc6 3. d4 exd4 4. Bc4 Bc5 5. c3 Nf6 6. 0-0 Nxe4 7. cxd4 Be7 8. Nc3 Nxc3 9. bxc3 d5 10. Bd3 0-0 11. Rb1 a6 12. Qc2 h6 13. h3 Bd6 14. Bh7+ Kh8 15. Bf5 Ne7 16. Bxc8 Qxc8 17. Re1 b5 18. a4 c6 19. Ne5 Bxe5 20. Rxe5 Ng6 21. Re1 Qd7 22. Ba3 Rfe8 23. Kf1 Rxe1+ 24. Rxe1 Re8 25. Rxe8+ Qxe8 26. axb5 cxb5 27. Qf5 Qe6 28. Qf3 f5 29. Bb4 Kg8 30. Qg3 f4 31. Qf3 Kf7 32. Bc5 Qe4 33. Qxe4 dxe4 34. Ke2 Ke6 35. g3 Kd5 36. Bb4 h5 37. Kd2 h4 38. g4 Ke6 39. Ba5 Ne7 40. Bb6 Nd5 41. Bd8 Nf6 42. Ke2 Kd7 43. Ba5 Nd5 44. f3 e3 45. Kd3 Nf6 46. Bb4 Ke6 47. Bf8 g6 48. Bh6 Nd5 49. Bg5 a5 50. Bxh4 a4 51. Kc2 a3 52. Be1 Nb6 53. Kb3 Nc4 54. h4 Nd2+ 55. Kxa3 Nxf3 56. h5 Nxe1 57. h6 Kf7 58. d5 Nd3 0-1

[Event "Morbihan-ch 0405"]
[Site "Arradon"]
[Date "2004.12.18"]
[Round "3"]
[White "Duplessy, Franck"]
[Black "Landais, Romain"]
[Result "0-1"]
[WhiteElo "2080"]
[BlackElo "1821"]
[PlyCount "64"]
[EventDate "2004.10.10"]
[EventType "swiss"]
[EventRounds "7"]
[EventCountry "FRA"]
[SourceTitle "EXT 2007"]
[Source "ChessBase"]
[SourceDate "2006.11.23"]
[SourceVersion "1"]
[SourceVersionDate "2006.11.23"]
[SourceQuality "1"]

1. e4 e5 2. d4 exd4 3. Bc4 Nc6 4. c3 Nf6 5. Bg5 Be7 6. f3 dxc3 7. Nxc3 0-0 8. Bxf6 Bxf6 9. Nge2 Ne5 10. Bb3 Bh4+ 11. Kf1 d6 12. Rc1 Nxf3 13. Ng3 Nxh2+ 14. Rxh2 Bxg3 15. Rh1 Qf6+ 16. Qf3 Qxf3+ 17. gxf3 Be6 18. Bc2 h6 19. Ke2 Bc4+ 20. Ke3 f5 21. Rh3 f4+ 22. Kd2 c6 23. b3 Be6 24. Rhh1 d5 25. Ne2 dxe4 26. Bxe4 Rad8+ 27. Kc3 Bd5 28. Nd4 Bxe4 29. fxe4 Rfe8 30. Nf5 Rxe4 31. Rcg1 Rd5 32. Nxg3 Re3+ 0-1

[Event "FRA-chT3 0405"]
[Site "France"]
[Date "2004.11.07"]
[Round "2"]
[White "Landais, Romain"]
[Black "Le Nezet, Thierry"]
[Result "0-1"]
[WhiteElo "1821"]
[BlackElo "1910"]
[PlyCount "80"]
[EventDate "2004.10.10"]
[EventType "team"]
[EventRounds "9"]
[EventCountry "FRA"]
[SourceTitle "EXT 2007"]
[Source "ChessBase"]
[SourceDate "2006.11.23"]
[SourceVersion "1"]
[SourceVersionDate "2006.11.23"]
[SourceQuality "1"]

1. e4 Nf6 2. e5 Nd5 3. d4 d6 4. c4 Nb6 5. f4 Bf5 6. Nc3 e6 7. Nf3 Na6 8. a3 c5 9. d5 Nc7 10. dxe6 Bxe6 11. Ng5 dxe5 12. Qxd8+ Rxd8 13. Nxe6 Nxe6 14. fxe5 Nd4 15. Rb1 Be7 16. Kf2 0-0 17. g3 Nc6 18. Bf4 g5 19. Be3 Nxe5 20. b3 f5 21. Ke2 Ng4 22. Bg2 Bf6 23. Nd5 Nxd5 24. Bxd5+ Rxd5 25. cxd5 Re8 26. Kd2 Nxe3 27. Rbe1 Bd4 28. d6 f4 29. gxf4 gxf4 30. Rhg1+ Kf7 31. Kd3 Ke6 32. b4 b6 33. Rg4 Rf8 34. Rh4 Kxd6 35. Rxh7 f3 36. Rh6+ Kc7 37. Rh7+ Kb8 38. bxc5 Bxc5 39. Rxe3 Bxe3 40. Kxe3 f2 0-1

[Event "FRA-chT4 0304"]
[Site "Bretagne"]
[Date "2003.12.07"]
[Round "3"]
[White "Landais, Romain"]
[Black "Pascot, Jean"]
[Result "1/2-1/2"]
[WhiteElo "1810"]
[BlackElo "1840"]
[PlyCount "123"]
[EventDate "2003.10.12"]
[EventType "team"]
[EventRounds "9"]
[EventCountry "FRA"]
[SourceTitle "EXT 2005"]
[Source "ChessBase"]
[SourceDate "2004.11.15"]
[SourceVersion "1"]
[SourceVersionDate "2004.11.15"]
[SourceQuality "1"]

1. e4 e5 2. Nf3 Nc6 3. Bb5 a6 4. Ba4 Nf6 5. 0-0 b5 6. Bb3 Be7 7. Re1 0-0 8. h3 d6 9. c3 Na5 10. Bc2 c5 11. d4 cxd4 12. cxd4 Bb7 13. d5 Rc8 14. Nc3 Qc7 15. Bd3 Nc4 16. b3 Qa5 17. Ne2 Na3 18. Ng3 Rc7 19. Nf5 Rfc8 20. Nxe5 Bf8 21. Bd2 Qb6 22. Nf3 Nc2 23. Bxc2 Rxc2 24. N5d4 R2c7 25. Bg5 Ne8 26. Nf5 Rc2 27. Be3 Qa5 28. Re2 R2c7 29. Bd2 Qb6 30. Be3 Qa5 31. Bd2 b4 32. Ne3 Qb5 33. Nc4 a5 34. a4 Qa6 35. Be3 Nf6 36. Nfd2 g6 37. Bb6 Rxc4 38. Nxc4 Rxc4 39. bxc4 Qxb6 40. Qb3 Qc5 41. e5 dxe5 42. Rxe5 Bd6 43. Ree1 Ba6 44. Rac1 Qd4 45. Qc2 Bf4 46. Rcd1 Qc5 47. Qb2 Kg7 48. Re4 Bc7 49. Rc1 Qd6 50. g3 Kg8 51. Ree1 Bb7 52. Qd4 h5 53. Re2 Kg7 54. Rce1 Bc6 55. Re6 fxe6 56. Rxe6 Qf8 57. Rxc6 Bd8 58. c5 Qe7 59. Re6 Qf7 60. Qe5 b3 61. Rb6 Qxd5 62. Qxd5 1/2-1/2

[Event "Morbihan-ch 0203"]
[Site "Morbihan"]
[Date "2003.02.08"]
[Round "5"]
[White "Landais, Romain"]
[Black "Tripoteau, Philippe"]
[Result "1-0"]
[WhiteElo "1499"]
[BlackElo "1470"]
[PlyCount "61"]
[EventDate "2002.10.19"]
[EventType "swiss"]
[EventRounds "7"]
[EventCountry "FRA"]
[SourceTitle "EXT 2008"]
[Source "ChessBase"]
[SourceDate "2007.11.25"]
[SourceVersion "1"]
[SourceVersionDate "2007.11.25"]
[SourceQuality "1"]

1. e4 e5 2. Nf3 Nc6 3. Bb5 Nce7 4. Nxe5 Nf6 5. Bc4 d5 6. exd5 Nfxd5 7. 0-0 Ng6 8. Re1 Be7 9. Bb5+ c6 10. Nxc6 Bd7 11. Nxd8 Bxb5 12. Nxb7 0-0 13. d4 Bd7 14. c4 Nf6 15. Nc3 Rab8 16. Na5 Bb4 17. Nb3 Bf5 18. f3 Rbc8 19. Ne4 Bxe1 20. Nxf6+ gxf6 21. Qxe1 Rxc4 22. Bh6 Rd8 23. Rc1 Rxc1 24. Nxc1 Be6 25. Nb3 Re8 26. Qa5 f5 27. Qxa7 f4 28. Nc5 Bc4 29. Ne4 Kh8 30. Qd7 Rg8 31. Qf5 1-0